Tipodan ofsete Bursa basın tarihi (1866-1974) / (Record no. 15462)

MARC details
000 -BAŞLIK
Sabit Uzunlukta Kontrol Alanı 00897nam a22002537a 4500
999 ## - SİSTEM KONTROL NUMARALARI (KOHA)
Koha Biblionumber 15462
Koha Biblioitemnumber 15462
003 - KONTROL NUMARASI IDENTIFIER
Denetim Alanı MIRAKIL
005 - SON İŞLEM TARİHİ VE ZAMANI
Denetim Alanı 20240222164613.0
008 - SABİT-BOY VERİ ELEMANLARI - GENEL BİLGİLER
Sabit Uzunlukta Kontrol Alanı 240222b tu ||||| |||| 00| 0 tur d
020 ## - ULUSLARARASI STANDART KİTAP NUMARASI
Uluslararası Standart Kitap Numarası 9786059897570
040 ## - KATALOGLAMA KAYNAK
Orijinal Kataloglama Ajansı TR-AnCHP
Metne Dönüştürmek Ajansı TR-AnCHP
041 ## - DİL KODU
Metin / Ses Parça Veya Ayrı Başlığın Dil Kodu tur
082 ## - DEWEY ONLU SINIFLANDIRMA NUMARASI
Sınıflandırma Numarası 079.5622
Ürün Numarası K26t 2019
090 ## - SINIFLAMA NUMARASI
Sınıflama Numarası 079.5622 K26t 2019
100 1# - ANA GİRİŞ - KİŞİSEL İSİM
Kişisel Ad Kaplanoğlu, Raif
245 10 - BAŞLIK TABLOSU
Başlık Tipodan ofsete Bursa basın tarihi (1866-1974) /
Sorumluluk Tablosu, Vb Raif Kaplanoğlu, Ozan Kaplanoğlu
260 ## - YAYIN, DAĞITIM, VB
Yayın, Dağıtım, Vb Yeri Bursa :
Yayıncı, Dağıtıcı, Vs Adı Nilüfer Belediyesi,
Yayın, Dağıtım, Vb Tarihi 2019
Üretici Firma (Rota Barışçı Matbaacılık)
300 ## - FİZİKSEL TANIM
Kapsam 380 s. :
Diğer Fiziksel Ayrıntıları res., ;
Boyutlar 23 cm.
500 ## - GENEL NOT
Genel Not Yılmaz Akkılıç Bursa Araştırmaları Ödülü 2017<br/>
504 ## - KAYNAKÇA VB NOT
Kaynakça Vb Notu Kaynakça: 377-380 ss.<br/>
650 #0 - KONU KATMA GİRİŞ - TOPİKAL DÖNEM
9 (RLIN) 6292
Topikal Süreli Veya Coğrafi Ad Giriş Elemanı Basın
Genel Alt Bölümü Tarih
Coğrafi Alt Bölümü Bursa
700 ## - KATMA GİRİŞ - KİŞİSEL İSİM
9 (RLIN) 7586
Kişisel Ad Kaplanoğlu, Ozan
856 ## - ELEKTRONİK YER VE ERİŞİM
Kamu Notu Dijital Nüshası için Partimizin Kütüphane Sorumlusu ile iletişime geçiniz.
942 ## - EKLENDİ GİRİŞ ELEMANLARI (KOHA)
Sınıflandırma Veya Raf Düzeni Kaynak Dewey Decimal Classification
Koha Öğesi Türü Books
Holdings
Kalıcı Konum Mevcut Konum Edinme Tarihi Toplam Check-Out'Lar Tam Çağrı Numarası Barkod Tarih Son Görülme İtibaren Geçerli Fiyatlar Koha Öğesi Türü
CHP Kütüphanesi CHP Kütüphanesi 02/22/2024   079.5622 K26t 2019 21104 02/22/2024 02/22/2024 Books